| 000 | 00824cam a22002411 4500 | ||
|---|---|---|---|
| 001 | 4059869 | ||
| 003 | ARRUPE | ||
| 005 | 20150521130655.0 | ||
| 008 | 850311s1965 mau b 010 0beng | ||
| 010 | _a 65027973 | ||
| 040 |
_aDLC/ICU _cICU _dDLC |
||
| 050 | 0 | 0 |
_aQB36.G2 _bK3 |
| 082 | 0 | 0 | _a509.24 |
| 100 | 1 |
_aKaplon, Morton F. (ed.) _917205 |
|
| 245 | 1 | 0 |
_aHomage to Galileo; _bpapers presented at the Galileo Quadricentennial, University of Rochester, October 8 and 9, 1964. _cMorton F. Kaplon, editor. |
| 260 |
_aCambridge, Mass., _bM.I.T. Press _c[1965] |
||
| 300 |
_axii, 139 p. _c22 cm. |
||
| 504 | _aBibliographical footnotes. | ||
| 600 | 1 | 0 |
_aGalilei, Galileo, _d1564-1642. _911368 |
| 710 | 2 |
_aUniversity of Rochester. _917206 |
|
| 906 |
_a7 _bcbc _corignew _du _eocip _f19 _gy-gencatlg |
||
| 942 |
_2lcc _cMONOGRAPH |
||
| 999 |
_c122671 _d122671 |
||